000 00434nam a2200157Ia 4500
005 20250401140656.0
008 231217s9999 xx 000 0 und d
020 _a9788131408193
082 _a657 SUJ;1 R
100 _aSujatha, B ed.
245 0 _aAccounting standards in India : towards convergence
260 _c2007
_bIcfai
_aHyderabad
300 _ax, 215
650 _aAccounting,standards,India,convergence
942 _cAA
999 _c189680
_d189680